Normal view
MARC view
- Bandala Fernández, Eliseo,
Entry Nombre Personal
001 - NUMERO DE CONTROL
- campo de control: 34537
003 - IDENTIFICADOR DE NUMERO DE CONTROL
- campo de control: UPN
005 - FECHA Y HORA DE LA ÜLTIMA TRANSACCIÓN
- campo de control: 20210219194454.0
008 - DATOS DE LONGITUD FIJA
- campo de control de longitud fija: nabaccnnaabn|||||||||| b |nc|||||d
035 ## - NUMERO DE CONTROL
- Número de control: UPN11000006644
040 ## - FUENTE DE CATALOGACIÓN
- Lenguaje de catalogación: SPA
- Agencia de transcripción: UPN
100 1# - ENCABEZAMIENTO - NOMBRE PERSONAL
- Nombre personal: Bandala Fernández, Eliseo,
- Fechas asociadas con el nombre: 1899-1968
670 ## - FUENTE EN LA QUE SE LOCALIZARON DATOS
- Cita de la fuente: T
- Uniform Resource Identifier: http://biblioweb.tic.unam.mx/diccionario/htm/biografias/bio_b/bandala_fer.htm
680 ## - NOTA PUBLICA DE ACCESO PÚBLICO
- Frase explicativa de la referencia: Educador mexicano
902 ## - CATALOGADOR
- Catalogador: CAA/051213
